| 000 | 00000cas 2200000zi 4500 |
| 001 | 9.962854 |
| 003 | CaOODSP |
| 005 | 20260526102409 |
| 006 | m o d f |
| 007 | cr cn |||||||| |
| 008 | 260515d19911992nkcqx p o f0### 0fre|d |
| 022 | |y1187-2950 |
| 040 | |aCaOODSP|bfre|erda|cCaOODSP |
| 043 | |an-cn-nk|an-cn-pi |
| 086 | 1 |aIu2-8F-PDF |
| 245 | 00|aISTC Nouveau-Brunswick/Île-du-Prince-Édouard : |bune publication d'Industrie, sciences et technologie Canada. |
| 246 | 3 |aIndustrie, sciences et technologie Canada Nouveau-Brunswick/Île-du-Prince-Édouard |
| 264 | 1|aMoncton, N.-B. : |bIndustrie, sciences et technologie Canada = Industry, Science and Technology Canada, |c[1991-1992] |
| 310 | |aCinq fois par année |
| 336 | |atexte|btxt|2rdacontent/fre |
| 337 | |ainformatique|bc|2rdamedia/fre |
| 338 | |aressource en ligne|bcr|2rdacarrier/fre |
| 362 | 1 |aParaît depuis : Vol. 3, numéro 1 (septembre 1991); ne paraît plus après : Vol. 5, numéro 2 (avril 1992). |
| 500 | |aPublié aussi en anglais sous le titre : ISTC New Brunswick/Prince Edward Island. |
| 500 | |aÉdition numérisée de l'imprimé [par Innovation, sciences et développement économique Canada]. |
| 588 | |aDescription d'après : Vol. 3, numéro 1 (septembre 1991); titre de départ du fichier PDF. |
| 588 | |aDernière livraison consultée : Vol. 5, numéro 2 (avril 1992). |
| 610 | 16|aCanada. |bIndustrie, sciences et technologie Canada|vPériodiques. |
| 650 | 6|aEntreprises|zNouveau-Brunswick|vPériodiques. |
| 650 | 6|aEntreprises|zÎle-du-Prince-Édouard|vPériodiques. |
| 655 | 7|aPériodiques|2rvmgf |
| 710 | 1 |aCanada. |bIndustrie, sciences et technologie Canada, |eorganisme de publication. |
| 775 | 08|tISTC New Brunswick/Prince Edward Island : |w(CaOODSP)9.962855 |
| 780 | 00|tISTC Nouveau-Brunswick : |w(CaOODSP)9.962834 |